| 000 | 01225nas a22003857a 4500 | ||
|---|---|---|---|
| 001 | 20 | ||
| 003 | BR-CuiBMT | ||
| 005 | 20231123231520.0 | ||
| 008 | 230728c19709999dfbqr p f0 a1por d | ||
| 022 | _a0103-1090 | ||
| 040 |
_aBR-CuiBMT _cBR-CuiBMT |
||
| 041 |
_apor _bpor |
||
| 080 |
_22007 _a35 _x(05) |
||
| 090 |
_dPeriódico _a35(05) |
||
| 097 |
_aC _cDireito |
||
| 097 |
_aC _cCiência política e relações internacionais |
||
| 098 | _a068504-6 | ||
| 210 | 1 | _aRev. Trib. Contas União | |
| 245 | 0 | 0 | _aRevista do TCU |
| 246 | 1 | 2 | _aRevista do Tribunal de Contas da União |
| 260 |
_aBrasília : _bTCU, _c1970- |
||
| 300 |
_av. : _bil. ; _c28 cm |
||
| 310 | _aTrimestral | ||
| 321 | _aAnual | ||
| 321 | _aQuadrimestral | ||
| 321 | _aSemestral | ||
| 362 | 0 | _aVol. 1, no. 1 (1970)- | |
| 530 | _aDisponível também em versão online a partir de 1997. | ||
| 590 | _aData de início da coleção na Biblioteca: 2012- | ||
| 650 |
_aFinanças públicas _vPeriódicos _zBrasil |
||
| 650 |
_aContabilidade pública _vPeriódicos _zBrasil |
||
| 710 | 1 |
_aBrasil. _bTribunal de Contas da União. |
|
| 856 | 4 |
_uhttps://revista.tcu.gov.br/ojs/index.php/RTCU _yDisponível também online. _928/07/2023 |
|
| 942 |
_2udc _cREV |
||
| 999 |
_c20 _d20 |
||